| 000 | 00404pab a2200157 454500 | ||
|---|---|---|---|
| 008 | 180718b2010 xxu||||| |||| 00| 0 eng d | ||
| 100 | _aHessam Zohal | ||
| 245 | _aThe size and composition of government-spending in Europe and its impact on well-being | ||
| 260 | _c2010 | ||
| 300 | _ap.346-82. | ||
| 362 | _aAug | ||
| 650 | _aPublic expenditure | ||
| 773 | _aKyklos | ||
| 908 | _aN | ||
| 909 | _a87587 | ||
| 999 |
_c87587 _d87587 |
||